000 01212nam a2200325 i 4500
001 196932
003 ItRI
005 20250805063331.0
008 210720s2020 xxu|||||| ||||| |||||c
020 _a9781644230411
035 _aIT\ICCU\TO0\2085114
040 _bita
_cES-MaACL
041 7 _2ISO-639-2
082 _a759.981
_223
245 1 0 _aLucas Arruda /
_c[textos de Barry Schwabsky, Will Chancellor].
246 1 3 _aDeserto-Modelo
260 _aNueva York :
_bDavid Zwirner,
_c2020.
300 _a127 páginas :
_bilustrado a color ;
_c29 cm
500 _aExposición en Londres en 2017 y en Nueva York en 2019
500 _aTítulo del colofón
655 7 _2tgfbne
_9193628
_aCatálogos de exposiciones
700 1 _aArruda, Lucas,
_0IT\ICCU\VEAV\499689
_9233973
_d1983-
_eart
700 1 _aChancellor, Will
_0IT\ICCU\RT1V\049550
_9241551
_eaut
700 1 _aSchwabsky, Barry
_0IT\ICCU\VEAV\043232
_9241552
_eaut
852 _aES-MaACL
_cDEPOJ
_jN-10330
_hDonación: Editorial
_xEncuadernación cartoné
_9206455
942 _cMONOGRAFIA
_n0
999 _c196932
_d196932